01557nam a22003617a 4500003000500000005001700005008004100022010001000063011001000073035001100083040000900094090001000103100004400113245020300157260004900360300005200409502011100461590003700572590004100609590004100650590004100691590004200732650003700774650001900811650005500830650004700885901000700932911001500939942001000954949006900964999001701033952014501050CHAP20220329143440.0090925s2007 mx r 00010 spa d a96776 a97748 a108419 cCHAP aTesis00aLoza León, Jéssica Grétel.96871210aCaracterización ecológica y aspectos sociales de los solares en relación con el bienestar en San José de la Peña, Villa de Guadalupe, San Luis Potosíc/por Jéssica Grétel Loza León aSan Luis Potos, S. L. P. :bEl autor,c2007. axii, 72 h. :bcuadros, gráfs. , ilus. , mapas aTesis (M. C. en Ciencias Ambientales) -- UASLP. Facultades de Ciencias Químicas, Ingeniería y Medicina aALEPHb10c20130110lUCH01h1530 aBATCH-UPDb10c20130110lUCH01h1030 aBATCH-UPDb10c20130410lUCH01h0633 aBATCH-UPDb10c20130913lUCH01h2228 aCONVERSIONb10c20130109lUCH01h135314aAgricultura y ganadería.9207414aCercos.92135014aTierrasxUtilizaciónxSan Luis Potosí.911325514aVivienda ruralxSan Luis Potosí.9120185 aBK aen proceso cTESIS aTesisbBCcTESd33724002130314eTS1gDonaciØnh49545i108419sb c96776d96776 00102local4051708TESISaBCbBCcPA_TESISd2019-12-31eDonacionfTESISl0oTesisp33724002130314r2019-12-31 00:00:00w2019-12-31yTESIS